00457 2200169 4500001002100000005001500021035001900036245006200055100002500117300003900142260003900181082000700220084001300227020002100240990001300261990001300274INLIS00000000000067020220113090302$a 0010-0122000004$a Komik Next G: Keluarga segalanya /$c Aisyah dihyan nafisah$a Aisyah dihyan nafisah$a 96 hlm : $b ilust ; $c 14.5 x 21 cm$a Bandung :$b Muffin Graphics,$c 2021$a 813$a 813 AIS k$a 978-602-367-886-0$a 0304/2021$a 0305/2021